C418 Discography - Statistics

General Stats
  • This quiz has been taken 24 times
    18 since last reset
  • The average score is 31 of 286
Answer Stats
Answer % Correct
Sweden
86%
Cat
79%
Minecraft
71%
Mice on Venus
64%
Aria Math
57%
Subwoofer Lullaby
50%
Thirteen
50%
Alpha
43%
Blocks
43%
Eleven
43%
Moog City
43%
Moog City 2
43%
The End
43%
Wet Hands
43%
Beginning
36%
Beginning 2
36%
Chirp
36%
Death
36%
Dog
36%
Dry Hands
36%
Excursions
36%
Haggstrom
36%
Key
36%
Stal
36%
Axolotl
29%
Blind Spots
29%
Clark
29%
Concrete Halls
29%
Danny
29%
Dreiton
29%
Droopy likes ricochet
29%
Droopy likes your face
29%
Living Mice
29%
Oxygène
29%
Strad
29%
Taswell
29%
The Driver - C418 Remix
29%
Wait
29%
Ward
29%
0
21%
Beta
21%
Beton
21%
Biome Fest
21%
Dead Voxel
21%
Door
21%
Dragonfish
21%
Équinoxe
21%
Far
21%
Haunt Muskie
21%
Intro
21%
Ki
21%
Mall
21%
Mellohi
21%
Mutation
21%
one
21%
Shuniji
21%
The President is Dead
21%
Thunderbird
21%
zweiton
21%
0x10c
14%
Aviva
14%
Ballad of the Cats
14%
Chris
14%
egoismus
14%
Excuse
14%
Flake
14%
Floating Trees
14%
Friend
14%
Kyoto
14%
lawyer cage fight
14%
Life changing moments seem minor in pictures
14%
the first million
14%
Tingle
14%
TXL
14%
Warmth
14%
185
7%
26
7%
481772
7%
841
7%
90s_ani
7%
90s_in
7%
90s_out
7%
90s_tripverse
7%
A big thank you to
7%
After you hear this you are older
7%
a game select thing
7%
Alive
7%
Along the Busiest of Roads
7%
Ample Time
7%
AMS
7%
anthem
7%
Aria Economy
7%
ATX
7%
BD08
7%
BGC418
7%
Biome Party
7%
Blank Cubicle
7%
buildup errors
7%
bummer
7%
But I love you
7%
certitudes
7%
cliffside hinson
7%
Cobalt Something Something
7%
Cold Summer
7%
cr1_meadow
7%
cr2_finl
7%
depado
7%
det
7%
diskdance
7%
Divide By Four Add Seven
7%
Droopy Remembers
7%
drunken carboni
7%
Ending
7%
Enforcer Brittanica
7%
Fake Triplets
7%
Figure 8
7%
flu
7%
for the sake of making games
7%
From the Window
7%
Habitual Crush
7%
heyhey
7%
Home
7%
hop
7%
Hope
7%
Höre
7%
hotel music
7%
I believe I can fly
7%
I can't afford mastering
7%
I can't afford mixing
7%
I don't need to know you to be in love
7%
I jate my hob
7%
I Jike my Lob
7%
In Berlin people act differently
7%
Incredible
7%
jayson glove
7%
Jimtention
7%
kaneda
7%
Kitten
7%
Kompass
7%
Leak
7%
Lemons - C418 Remix
7%
long songs are for people who don't have time to make them short
7%
love
7%
Marketing Squander Versus the Little Man
7%
Match Cut
7%
Meatcraft
7%
Minecraft is acid
7%
Monkey Park
7%
Nest
7%
no
7%
no pressure
7%
peanuts
7%
pizza
7%
post success depression
7%
repetition
7%
Round Up to the Inevitable End
7%
sand
7%
Scarab's Gold
7%
Seismic Stratigraphy
7%
Semantic Satiation
7%
Septic Shock
7%
shit
7%
shit with a twist!
7%
Smooth Fall
7%
sod
7%
Something loud, old, and scary
7%
song that didn't get on the new album #1
7%
song that didn't get on the new album #2
7%
Stilbruch
7%
stranger_think
7%
subtle cupcake rhythms
7%
surface pension
7%
swarms
7%
test
7%
Texture Prayers
7%
The Long-Winded and Painful Death of Sweeney S Greenville
7%
The weirdest remix I ever worked on.
7%
the weirdest year of your life
7%
this doesn't work
7%
Timelapse Kingdom
7%
total drag
7%
tsuki no koibumi
7%
Tsuki No Koibumi
7%
Turn
7%
United Colors of Scrapyard
7%
Uzick
7%
Vierton
7%
water
7%
Welcome Back to the Machine
7%
What
7%
wooden love
7%
Work Life Imbalance
7%
Yes
7%
You Have to Cut the Dope
7%
185_pre
0%
20 kards
0%
20 kids
0%
90s_management
0%
90s_nostress
0%
acid
0%
aeiouw
0%
a fall
0%
Another weird ambient tune.
0%
Atempause
0%
Average C418
0%
bai
0%
Boygames
0%
Chant
0%
choice_broken
0%
clumsiness and innovation
0%
Confusion
0%
crowdpleaser
0%
danny makes chiptune
0%
deldee
0%
dish
0%
impostor syndrome
0%
drood
0%
Dune Storm
0%
Edward
0%
egoismus_2016edit
0%
einfallslos
0%
familiar faces
0%
faux video production
0%
fifflas
0%
goltra
0%
headache
0%
house_loneliness
0%
I apologize
0%
I don't sing
0%
If you don't know what to do just steal the amen break
0%
I glove thy flob
0%
I lack an emotion
0%
Imaginary Interlude
0%
Inappropriate BADWORD Deluxe
0%
Incredibly detailed acid trip
0%
independent accident
0%
it's complicated
0%
I will perhaps never meet you in person
0%
jacke
0%
kaffee
0%
Keighley
0%
Kitchens are best for making sound effects
0%
klack
0%
komphund
0%
kopfmusic
0%
krank
0%
Lack of creativity is dangerous in Berlin
0%
lost cousins
0%
mau5cave
0%
minimal
0%
Mummyf---er
0%
No but Yes
0%
Not Atlantis
0%
one last game
0%
One second
0%
One second is enough to die for
0%
Phaos
0%
phelps
0%
philips
0%
Pink
0%
plastik
0%
Please do
0%
pr department
0%
preliminary art form
0%
Question
0%
ritalin
0%
sirtet
0%
sleepless
0%
social lego
0%
Some really obscure ambient tune
0%
something avant garde and experimental, which could have just been called experimental
0%
Sometimes I make video game music
0%
sound
0%
The first unfinished song for the Minecraft documentary
0%
Theme
0%
The song I show if someone wants to hear a new Minecraft song
0%
This song is not good
0%
Tonic - C418 Remix
0%
Unreasonable
0%
Vlem
0%
waylong
0%
What it would have sounded like if I were to DJ 5 years ago
0%
Who cares but me
0%
Words you will never understand
0%
yeh
0%
No matching quizzes found
Score Distribution
Percent of People with Each Score
Percentile by Number Answered
Your Score History
You have not taken this quiz since the last reset